Organizacion del sistema administrativo de la Escuela de ingenieria Industrial

Uloženo v:
Podrobná bibliografie
Hlavní autor: Acuña Cordero, Oscar Adrian
Médium: Kniha
Vydáno: San José, Costa Rica 1991
Témata:
Tagy: Přidat tag
Žádné tagy, Buďte první, kdo vytvoří štítek k tomuto záznamu!

MARC

LEADER 00000nam a2200000Ia 4500
003 007375
005 20221231144304.0
008 140114s1991 cr a m 000 ||s d
040 |c cru CEDI 
090 |a TFG 3096 
100 |a Acuña Cordero, Oscar Adrian  |9 11386 
245 |a Organizacion del sistema administrativo de la Escuela de ingenieria Industrial 
260 |c 1991  |a San José, Costa Rica 
300 |a  70 hojas ; 27 cm.  
500 |a  Tesis (licenciatura en ingenieria industrial)--Universidad de Costa Rica. Facultad de Ingeniería. Escuela de Ingenieria Industrial  
650 |x UNIVERSIDAD DE COSTA RICA.. FACULTAD DE INGENIERIA. ESCUELA DE INGENIERIA INDUSTRIAL - ADMINISTRACION  |9 8692 
942 |c TFG 
999 |c 19646  |d 19646